000 00373nam a2200169Ia 4500
005 20250423101506.0
008 250422s9999 xx 000 0 und d
020 _a20920
050 _aKD 600 .M6/
100 _aMohammed Bin Ismail
245 4 _aThe way to Peace
260 _aEgypt
260 _bDareem Ibn Ishem
260 _c2005
300 _a237 p
942 _cBK
999 _c36443
_d36443